Η μυθολογία των Ελλήνων
Αποθηκεύτηκε σε:
| Κύριος συγγραφέας: | |
|---|---|
| Άλλοι συγγραφείς: | |
| Μορφή: | Βιβλίο |
| Γλώσσα: | Greek German |
| Δημοσίευση: |
[Αθήνα] :
Εστία,
[2004]
|
| Έκδοση: | 10η έκδ. |
| Θέματα: | |
| Ετικέτες: |
Προσθήκη ετικέτας
Δεν υπάρχουν, Καταχωρήστε ετικέτα πρώτοι!
|
MARC
| LEADER | 00000cam a2200000 i 4500 | ||
|---|---|---|---|
| 001 | 1/80938 | ||
| 008 | 050713s2004 gre d | ||
| 020 | |a 960-05-0624-8 | ||
| 035 | |l 10079148 | ||
| 040 | |a GR-MY-UA |b gre |e aacr | ||
| 041 | 0 | |a gre |h ger | |
| 082 | 0 | |a 291.13 |2 (22) | |
| 100 | 1 | |a Kerényi, Karl, |d 1897-1973. | |
| 245 | 1 | 2 | |a Η μυθολογία των Ελλήνων / |c Κ. Κερένυϊ ; μετάφραση Δημήτρη Σταθόπουλου |
| 250 | |a 10η έκδ. | ||
| 260 | |a [Αθήνα] : |b Εστία, |c [2004] | ||
| 300 | |a 659 σ.; |b εικ.; |c 21 εκ. | ||
| 500 | |a Το Παράρτημα της Ρόδου διαθέτει την 11η έκδοση [ανατύπωση], 2005 | ||
| 650 | 0 | 0 | |a Mythology, Greek. |
| 700 | 1 | |4 trl |a Σταθόπουλος, Δημήτρης Λ., |d 1933- | |
| 852 | |a INST |b LESVOS |e 20050713 |h 291.13 KER |p 005100027541 |q 005100027541 |t BK |y 0 | ||
| 852 | |a INST |b RHODES |e 20081126 |h 291.13 KER |p 005400031424 |q 005400031424 |t BK |y 0 | ||
| 901 | |a BIBL1-2005-2 | ||
| 901 | |a BIBL4-2008-3 | ||
| 909 | |a Λ |b 120777 | ||
| 909 | |a Ρ |b 156425 | ||
| 922 | |a 1ΕΛΗ |b 200507 |c ΤΑΚ/ΚΥΒ |d ΕΙΡΜΟΣ | ||
| 970 | |a ΚΑΜΑΤΣΟΥ |b ΔΕΣΠΟΙΝΑ |z 2005/07/13 | ||